The world of Michelangelo, 1475-1564, (Record no. 125460)
[ view plain ]
| 000 -LEADER | |
|---|---|
| fixed length control field | 00969cam a22002771 4500 |
| 001 - CONTROL NUMBER | |
| control field | 3587525 |
| 003 - CONTROL NUMBER IDENTIFIER | |
| control field | ARRUPE |
| 005 - DATE AND TIME OF LATEST TRANSACTION | |
| control field | 20161007113128.0 |
| 008 - FIXED-LENGTH DATA ELEMENTS--GENERAL INFORMATION | |
| fixed length control field | 711020s1966 nyuabce b 000 0 eng |
| 010 ## - LIBRARY OF CONGRESS CONTROL NUMBER | |
| LC control number | 66016540 |
| 040 ## - CATALOGING SOURCE | |
| Original cataloging agency | DLC |
| Transcribing agency | DLC |
| Modifying agency | DLC |
| 043 ## - GEOGRAPHIC AREA CODE | |
| Geographic area code | e-it--- |
| 050 00 - LIBRARY OF CONGRESS CALL NUMBER | |
| Classification number | NB623.B9 |
| Item number | C6 |
| 082 00 - DEWEY DECIMAL CLASSIFICATION NUMBER | |
| Classification number | 709.24 |
| 300 ## - PHYSICAL DESCRIPTION | |
| Other physical details | illus. (part fold., part col.), coats of arms, geneal. tables, maps, plans, ports. (part col.) |
| Dimensions | 31 cm. |
| 100 1# - MAIN ENTRY--PERSONAL NAME | |
| Personal name | Coughlan, Robert, |
| Dates associated with a name | 1914-1992. |
| 9 (RLIN) | 26580 |
| 245 14 - TITLE STATEMENT | |
| Title | The world of Michelangelo, 1475-1564, |
| Statement of responsibility, etc | by Robert Coughlan and the editors of Time-Life Books. |
| 260 ## - PUBLICATION, DISTRIBUTION, ETC. (IMPRINT) | |
| Place of publication, distribution, etc | New York, |
| Name of publisher, distributor, etc | Time, inc. |
| Date of publication, distribution, etc | [1966] |
| 300 ## - PHYSICAL DESCRIPTION | |
| Extent | 202 p. |
| 490 0# - SERIES STATEMENT | |
| Series statement | Time-Life library of art |
| 504 ## - BIBLIOGRAPHY, ETC. NOTE | |
| Bibliography, etc | Bibliography: p. 198-199. |
| 600 00 - SUBJECT ADDED ENTRY--PERSONAL NAME | |
| Personal name | Michelangelo Buonarroti, |
| Dates associated with a name | 1475-1564. |
| 9 (RLIN) | 26581 |
| 651 #0 - SUBJECT ADDED ENTRY--GEOGRAPHIC NAME | |
| Geographic name | Italy |
| General subdivision | History |
| Chronological subdivision | 1492-1559 |
| 9 (RLIN) | 26582 |
| 710 2# - ADDED ENTRY--CORPORATE NAME | |
| Corporate name or jurisdiction name as entry element | Time-Life Books. |
| 9 (RLIN) | 26560 |
| 906 ## - LOCAL DATA ELEMENT F, LDF (RLIN) | |
| a | 7 |
| b | cbc |
| c | orignew |
| d | u |
| e | ocip |
| f | 19 |
| g | y-gencatlg |
| 942 ## - ADDED ENTRY ELEMENTS (KOHA) | |
| Source of classification or shelving scheme | Library of Congress Classification |
| Koha item type | Monograph ( Printed materials) |
| Withdrawn status | Lost status | Source of classification or shelving scheme | Damaged status | Not for loan | Collection code | Home library | Current library | Shelving location | Date acquired | Total Checkouts | Full call number | Barcode | Date last seen | Price effective from | Koha item type |
|---|---|---|---|---|---|---|---|---|---|---|---|---|---|---|---|
| Library of Congress Classification | Main Collection | ARRUPE LIBRARY | ARRUPE LIBRARY | Main Collection | 07/10/2016 | L NB623.B9 C6 | 46500010584 | 07/10/2016 | 07/10/2016 | Monograph ( Printed materials) |